ბათუმის შოთა რუსთაველის სახელმწიფო უნივერსიტეტის ბიბლიოთეკა

Computer Organization and Architecture an introduction (ბიბ.ჩანაწერი № 46661)

000 -LEADER
fixed length control field 00723nam a2200241Ia 4500
001 - CONTROL NUMBER
control field 13502
003 - CONTROL NUMBER IDENTIFIER
control field GE_BSU
008 - FIXED-LENGTH DATA ELEMENTS--GENERAL INFORMATION
fixed length control field 181216s||||||||xx |||||||||||||| ||und||
040 ## - CATALOGING SOURCE
Transcribing agency GE_BSU
050 ## - LIBRARY OF CONGRESS CALL NUMBER
Item number 0333645510
080 ## - UNIVERSAL DECIMAL CLASSIFICATION NUMBER
Universal Decimal Classification number 004.2
100 ## - MAIN ENTRY--PERSONAL NAME
Personal name Chalk,B.S.
245 ## - TITLE STATEMENT
Title Computer Organization and Architecture an introduction
245 ## - TITLE STATEMENT
Remainder of title School of Computing information Systems and mathematics South Bank University
260 ## - PUBLICATION, DISTRIBUTION, ETC.
Place of publication, distribution, etc. London
260 ## - PUBLICATION, DISTRIBUTION, ETC.
Name of publisher, distributor, etc. Palgrave
260 ## - PUBLICATION, DISTRIBUTION, ETC.
Date of publication, distribution, etc. 1996
300 ## - PHYSICAL DESCRIPTION
Extent 214p.ill.24cm.
653 ## - INDEX TERM--UNCONTROLLED
Uncontrolled term Computer Organization and Architecture
653 ## - INDEX TERM--UNCONTROLLED
Uncontrolled term ინფორმატიკა
653 ## - INDEX TERM--UNCONTROLLED
Uncontrolled term საინფორმაციო ტექნოლოგიები
942 ## - ADDED ENTRY ELEMENTS (KOHA)
Koha item type წიგნი
ეგზემპლარები
Withdrawn status Lost status Damaged status Not for loan Date acquired Barcode Date last seen Price effective from Koha item type
        2018-12-17 36953 2018-12-17 2018-12-17 წიგნი